000
00325nam a2200133Ia 4500
008
191201s2019 xx 000 0 und d
082
_a
677.02832
_b
LEH
100
_a
LEWIN, menachem
245
0
_a
Handbook of Fibres Chemistry
260
_a
N.Delhi
_b
Marcel Dekker
300
_a
1083
650
_a
B.Tech(TE)
942
_2
ddc
_c
BK
999
_c
3879
_d
3879